[Event "Campeonato de España sub-14 2011"]
[Site "Padron ESP"]
[Date "2011.07.15"]
[Round "6.12"]
[White "Forsberg Conde, Martin"]
[Black "Aguila Hernandez, Eduardo"]
[Result "1-0"]
[WhiteElo "2076"]
[BlackElo "1772"]
[PlyCount "103"]
[EventDate "2011.07.12"]
[EventType "swiss"]
[EventRounds "9"]
[EventCountry "ESP"]
[Source "lmi"]
[SourceDate "2011.07.12"]

1. e4 e5 2. Nf3 Nc6 3. Bc4 Nf6 4. d4 exd4 5. e5 d5 6. Bb5 Ne4 7. Nxd4 Bd7 8.
Bxc6 bxc6 9. Be3 Bc5 10. O-O Bb6 11. a4 a5 12. f3 Ng5 13. f4 Ne4 14. Nd2 Nxd2
15. Qxd2 c5 16. Nb3 c4 17. Bxb6 cxb6 18. Nd4 O-O 19. f5 f6 20. e6 Be8 21. Qf4
Rc8 22. Rf3 Qc7 23. Qxc7 Rxc7 24. Kf2 Bc6 25. Ke3 Re8 26. Rf2 Kf8 27. Rd2 Rd8
28. g4 Ke7 29. Ne2 g5 30. Nc3 Kd6 31. Rad1 Ke5 32. Rd4 Re7 33. Rxc4 dxc4 34.
Rxd8 h5 35. h3 hxg4 36. hxg4 Rh7 37. Ne2 Rh3+ 38. Kd2 Rh7 39. Nd4 Bd5 40. Ne2
Bf3 41. Nd4 Bd5 42. c3 Be4 43. Rd7 Rh8 44. e7 Re8 45. Ke3 Bd5 46. Nf3+ Bxf3 47.
Kxf3 b5 48. axb5 a4 49. b6 a3 50. bxa3 Rh8 51. Rd8 Rxd8 52. exd8=B 1-0

[Event "Campeonato de España sub-14 2011"]
[Site "Padron ESP"]
[Date "2011.07.15"]
[Round "6.13"]
[White "Garcia Martinez, Marcos"]
[Black "Bru Rullo, Llatzer"]
[Result "0-1"]
[WhiteElo "1757"]
[BlackElo "1971"]
[PlyCount "44"]
[EventDate "2011.07.12"]
[EventType "swiss"]
[EventRounds "9"]
[EventCountry "ESP"]
[Source "lmi"]
[SourceDate "2011.07.12"]

1. d4 d5 2. Nf3 Nf6 3. c4 e6 4. g3 dxc4 5. Qa4+ Nbd7 6. Bg2 a6 7. Qxc4 b5 8.
Qd3 Bb7 9. a4 b4 10. Nbd2 c5 11. dxc5 Bxc5 12. O-O O-O 13. b3 Nb6 14. Qxd8
Rfxd8 15. Bb2 Rac8 16. Rac1 a5 17. h3 Ba6 18. Rfe1 Nbd5 19. e4 Nc3 20. Bf1 Bb7
21. Kg2 Ncxe4 22. Bxf6 Rxd2 0-1

[Event "Campeonato de España sub-14 2011"]
[Site "Padron ESP"]
[Date "2011.07.15"]
[Round "6.14"]
[White "Marchena Hurtado, Javier"]
[Black "Fernandez Cano, Victor"]
[Result "1-0"]
[WhiteElo "1961"]
[BlackElo "1766"]
[PlyCount "61"]
[EventDate "2011.07.12"]
[EventType "swiss"]
[EventRounds "9"]
[EventCountry "ESP"]
[Source "lmi"]
[SourceDate "2011.07.12"]

1. e4 c5 2. Nf3 Nc6 3. d4 cxd4 4. Nxd4 g6 5. c4 Bg7 6. Be3 Nf6 7. Nc3 O-O 8.
Be2 Qa5 9. O-O d6 10. a3 a6 11. b4 Qc7 12. Rc1 Ne5 13. Nd5 Qd8 14. f3 Bd7 15.
c5 dxc5 16. bxc5 Nxd5 17. exd5 Qa5 18. f4 Ba4 19. Nb3 Bxb3 20. Qxb3 Nd7 21.
Qxb7 Qxa3 22. Bf2 Qa4 23. c6 Nf6 24. c7 Rfc8 25. Rc6 Ne8 26. Rb1 Bd4 27. Rc4
Bxf2+ 28. Kxf2 Qd7 29. Qxa8 Rxa8 30. Rb8 Qc8 31. Rxa8 1-0

[Event "Campeonato de España sub-14 2011"]
[Site "Padron ESP"]
[Date "2011.07.15"]
[Round "6.15"]
[White "Pruja, Ramirez De C. Eduar"]
[Black "Martin Garcia, Guillermo"]
[Result "0-1"]
[WhiteElo "1735"]
[BlackElo "1955"]
[PlyCount "44"]
[EventDate "2011.07.12"]
[EventType "swiss"]
[EventRounds "9"]
[EventCountry "ESP"]
[Source "lmi"]
[SourceDate "2011.07.12"]

1. e4 e5 2. d4 exd4 3. Qxd4 Nc6 4. Qe3 g6 5. Nc3 Bg7 6. Bd2 Nf6 7. O-O-O O-O 8.
Qg3 Re8 9. Bd3 Nb4 10. h3 d5 11. exd5 Nbxd5 12. Bc4 c6 13. Bg5 Qb6 14. Bxf6
Nxf6 15. Bb3 Be6 16. Nf3 a5 17. Na4 Qa7 18. Bxe6 Rxe6 19. Qc7 Nd5 20. Rxd5 cxd5
21. Ng5 Rf6 22. Nb6 Qxb6 0-1

[Event "Campeonato de España sub-14 2011"]
[Site "Padron ESP"]
[Date "2011.07.16"]
[Round "7.1"]
[White "Garrido Piriz, Pablo"]
[Black "Shen, Yue"]
[Result "1-0"]
[WhiteElo "1795"]
[BlackElo "2053"]
[PlyCount "117"]
[EventDate "2011.07.12"]
[EventType "swiss"]
[EventRounds "9"]
[EventCountry "ESP"]
[Source "lmi"]
[SourceDate "2011.07.12"]

1. e4 c5 2. Ne2 d6 3. g3 Nf6 4. Bg2 g6 5. c3 Bg7 6. d4 cxd4 7. cxd4 O-O 8. O-O
Nc6 9. Nbc3 Bd7 10. h3 Rc8 11. Be3 a6 12. f4 Na5 13. b3 b5 14. e5 Ne8 15. Qd2
e6 16. Rad1 Qc7 17. Rc1 Qb8 18. Nd5 Rxc1 19. Rxc1 Qd8 20. Ndc3 Bc8 21. Nd1 Bd7
22. Bf2 f6 23. Be1 fxe5 24. Qxa5 Qxa5 25. Bxa5 exd4 26. Nf2 e5 27. Ne4 d3 28.
N2c3 exf4 29. gxf4 Rxf4 30. Rd1 Bf5 31. Ng3 Bd4+ 32. Kh1 Rf2 33. Nxf5 gxf5 34.
Rxd3 Be5 35. a4 Rb2 36. axb5 axb5 37. Bd5+ Kf8 38. Nxb5 Nf6 39. Be6 Nh5 40. Bd2
Ng3+ 41. Kg1 Ke7 42. Bd5 Ne4 43. Bb4 Nf6 44. Bf3 Ne4 45. Nd4 Kf6 46. Nc6 Nf2
47. Rd2 Nxh3+ 48. Kf1 Rxb3 49. Bd1 Rg3 50. Bxd6 Bxd6 51. Rxd6+ Kg5 52. Nd4 Rg1+
53. Ke2 Kf4 54. Rh6 Rg2+ 55. Ke1 Rg1+ 56. Kd2 Ng5 57. Ne2+ Ke5 58. Nxg1 Ne4+
59. Ke1 1-0

[Event "Campeonato de España sub-14 2011"]
[Site "Padron ESP"]
[Date "2011.07.16"]
[Round "7.2"]
[White "Navarrete Espi, Samuel"]
[Black "Martin Perez, Laura"]
[Result "1-0"]
[WhiteElo "2169"]
[BlackElo "1946"]
[PlyCount "63"]
[EventDate "2011.07.12"]
[EventType "swiss"]
[EventRounds "9"]
[EventCountry "ESP"]
[Source "lmi"]
[SourceDate "2011.07.12"]

1. e4 g6 2. d4 d6 3. Nc3 Bg7 4. f4 a6 5. Nf3 b5 6. Bd3 Nd7 7. e5 Nh6 8. O-O O-O
9. Qe1 f5 10. a4 b4 11. Bc4+ Kh8 12. Nd5 a5 13. Ng5 Nb6 14. Nxb6 cxb6 15. c3
bxc3 16. Qxc3 Bd7 17. Qb3 Rc8 18. Be3 Rb8 19. Rf3 Qc7 20. Rc1 Qd8 21. Rh3 Qe8
22. Bd2 Bxa4 23. Qe3 Bd7 24. e6 Bb5 25. Nf7+ Nxf7 26. exf7 Rxf7 27. Bxf7 Qxf7
28. Rc7 Bf6 29. d5 Qxd5 30. Rxe7 Bxe7 31. Qxe7 Qb7 32. Rxh7+ 1-0

[Event "Campeonato de España sub-14 2011"]
[Site "Padron ESP"]
[Date "2011.07.16"]
[Round "7.3"]
[White "Ventura Bolet, Maxim"]
[Black "Perez Barreto, Adrian"]
[Result "1/2-1/2"]
[WhiteElo "1987"]
[BlackElo "1934"]
[PlyCount "124"]
[EventDate "2011.07.12"]
[EventType "swiss"]
[EventRounds "9"]
[EventCountry "ESP"]
[Source "lmi"]
[SourceDate "2011.07.12"]

1. c4 e5 2. g3 Nf6 3. Bg2 c6 4. d4 e4 5. Bg5 d5 6. Bxf6 Qxf6 7. cxd5 cxd5 8.
Nc3 Bb4 9. e3 Bxc3+ 10. bxc3 Nc6 11. Qb3 Qd6 12. Ne2 O-O 13. Rc1 Na5 14. Qb4
Qa6 15. Nf4 Be6 16. Bf1 Nc4 17. Nxe6 fxe6 18. Bxc4 dxc4 19. a4 Rf5 20. Rb1 Ra5
21. Qxb7 Qxb7 22. Rxb7 Rxa4 23. O-O Ra3 24. Rfb1 Rxc3 25. Re7 Rb3 26. Rxb3 cxb3
27. Rb7 a5 28. Rxb3 a4 29. Ra3 Kf8 30. f3 exf3 31. Kf2 Ke7 32. Kxf3 Kd6 33. Ke4
Kc6 34. Ke5 Kb5 35. e4 Kb4 36. Ra1 Kb3 37. Kxe6 Kb2 38. Rf1 Re8+ 39. Kd5 Kc3
40. Rf3+ Kb2 41. e5 a3 42. e6 a2 43. Rf2+ Kb1 44. Rf1+ Kb2 45. Ke5 Rc8 46. e7
Rc1 47. Rxc1 Kxc1 48. e8=Q a1=Q 49. Qc6+ Kd2 50. Qg2+ Kd3 51. Qe4+ Kd2 52. Kf4
Qc3 53. Qg2+ Kc1 54. Qf1+ Kb2 55. Qe2+ Kb1 56. Qd1+ Kb2 57. d5 Qf6+ 58. Ke4
Qe7+ 59. Kf3 Qf6+ 60. Kg2 Qd6 61. Qd4+ Kb3 62. Qe3+ Kc4 1/2-1/2

[Event "Campeonato de España sub-14 2011"]
[Site "Padron ESP"]
[Date "2011.07.16"]
[Round "7.4"]
[White "Nicolas Zapata, Irene"]
[Black "Alonso Gorrin, Javier"]
[Result "1-0"]
[WhiteElo "2117"]
[BlackElo "1920"]
[PlyCount "105"]
[EventDate "2011.07.12"]
[EventType "swiss"]
[EventRounds "9"]
[EventCountry "ESP"]
[Source "lmi"]
[SourceDate "2011.07.12"]

1. d4 Nf6 2. Nf3 g6 3. c4 Bg7 4. Nc3 O-O 5. e4 d6 6. Be2 e5 7. Be3 Nc6 8. d5
Ne7 9. Nd2 Ne8 10. Qc2 f5 11. f3 f4 12. Bf2 g5 13. h4 gxh4 14. Bxh4 a5 15.
O-O-O Bf6 16. Bxf6 Nxf6 17. Rdg1 Ng6 18. Bd3 Kf7 19. Ne2 b6 20. g3 fxg3 21. Nf1
h5 22. Nfxg3 Rh8 23. Rh2 h4 24. Nf5 Nh5 25. Rg4 Nhf4 26. Nxf4 Nxf4 27. Bf1 Bxf5
28. exf5 Qf6 29. Qe4 Rag8 30. Kb1 h3 31. a3 Rg5 32. Bd3 Rh4 33. Be2 Rh8 34. Bd3
Rhh5 35. Bc2 Rh4 36. Bd1 Rh8 37. Bc2 Rhg8 38. Rxf4 exf4 39. Rxh3 Qe5 40. Rh4
Rg1+ 41. Ka2 R1g2 42. Kb3 a4+ 43. Ka2 Re2 44. Rh7+ Rg7 45. Rxg7+ Kxg7 46. Qd3
Kf6 47. Qd1 Re1 48. Qd3 Re2 49. Qd1 Qe3 50. Bxa4 Rd2 51. Qh1 Qd3 52. Qh6+ Ke5
53. Qg7+ 1-0

[Event "Campeonato de España sub-14 2011"]
[Site "Padron ESP"]
[Date "2011.07.16"]
[Round "7.5"]
[White "Rubio Tent, Francisco"]
[Black "Lopez Caudevilla, David"]
[Result "1-0"]
[WhiteElo "2063"]
[BlackElo "1851"]
[PlyCount "85"]
[EventDate "2011.07.12"]
[EventType "swiss"]
[EventRounds "9"]
[EventCountry "ESP"]
[Source "lmi"]
[SourceDate "2011.07.12"]

1. e4 d6 2. d4 Nf6 3. Nc3 g6 4. f4 Bg7 5. Nf3 O-O 6. Bd3 Nc6 7. e5 dxe5 8. fxe5
Nd5 9. Nxd5 Qxd5 10. c3 Bg4 11. O-O Rad8 12. h3 Bxf3 13. Rxf3 Bxe5 14. Qf1
Bxd4+ 15. cxd4 Qxd4+ 16. Kh1 Ne5 17. Be2 Nxf3 18. Qxf3 Rd5 19. Bh6 Rfd8 20. Qb3
Qh4 21. Bc4 Rf5 22. Be3 b5 23. Bd3 Rfd5 24. Bxb5 Qh5 25. Bc4 Rd1+ 26. Rxd1
Qxd1+ 27. Qxd1 Rxd1+ 28. Kh2 a5 29. a4 e5 30. Bh6 Rd7 31. Kg3 Kh8 32. Kf3 f5
33. b3 Rd1 34. Ke2 Rg1 35. Kf2 Rd1 36. Kf3 c6 37. Kf2 Rd8 38. Bg5 Rf8 39. Be7
Kg7 40. Bxf8+ Kxf8 41. b4 Ke7 42. bxa5 Kd7 43. Bg8 1-0

[Event "Campeonato de España sub-14 2011"]
[Site "Padron ESP"]
[Date "2011.07.16"]
[Round "7.6"]
[White "Ligero Martinez, Jesus"]
[Black "Garcia-Castany, Musellas Gal.La"]
[Result "0-1"]
[WhiteElo "1801"]
[BlackElo "1980"]
[PlyCount "66"]
[EventDate "2011.07.12"]
[EventType "swiss"]
[EventRounds "9"]
[EventCountry "ESP"]
[Source "lmi"]
[SourceDate "2011.07.12"]

1. e4 e5 2. Nf3 Nc6 3. Bb5 a6 4. Ba4 Nf6 5. d4 exd4 6. e5 Ne4 7. O-O Be7 8.
Nxd4 Nc5 9. Nf5 O-O 10. Qg4 g6 11. Nh6+ Kh8 12. Bxc6 dxc6 13. Qg3 Ne6 14. Nc3
Nd4 15. Be3 Nf5 16. Nxf5 Bxf5 17. Rad1 Qc8 18. Bh6 Rd8 19. Rxd8+ Bxd8 20. Re1
Qe6 21. Ne2 Be7 22. Nf4 Qxa2 23. e6 Qa5 24. b4 Bxb4 25. exf7 Bxe1 26. f8=Q+
Rxf8 27. Bxf8 Qa1 28. h3 Bb4+ 29. Kh2 Bxf8 30. Nd3 Bd6 31. f4 Bxd3 32. cxd3 Qd4
33. Qg4 Qxf4+ 0-1

[Event "Campeonato de España sub-14 2011"]
[Site "Padron ESP"]
[Date "2011.07.16"]
[Round "7.7"]
[White "Buendia Pinar, Alvaro"]
[Black "Portela Peleteiro, Alberto"]
[Result "1-0"]
[WhiteElo "1941"]
[BlackElo "1681"]
[PlyCount "97"]
[EventDate "2011.07.12"]
[EventType "swiss"]
[EventRounds "9"]
[EventCountry "ESP"]
[Source "lmi"]
[SourceDate "2011.07.12"]

1. e4 d6 2. Nf3 Nf6 3. c3 Nbd7 4. Bd3 e5 5. Bc2 Be7 6. O-O O-O 7. d4 c6 8. Qe2
Qc7 9. Bg5 b6 10. Rd1 Bb7 11. Na3 b5 12. Rd2 a6 13. Rad1 Rfe8 14. Bh4 Bf8 15.
Bg3 g6 16. dxe5 dxe5 17. Qe3 Bg7 18. h3 c5 19. Nb1 Re7 20. Bh4 Rae8 21. Nh2 Nf8
22. Qf3 Re6 23. Ng4 Nxe4 24. Bxe4 Bxe4 25. Qxe4 f5 26. Qe2 fxg4 27. Qxg4 e4 28.
Bg5 h6 29. Be3 h5 30. Qg5 c4 31. Na3 Bf6 32. Qc5 Qxc5 33. Bxc5 Bg5 34. Be3 Bf6
35. Nc2 Kf7 36. Nb4 R8e7 37. Rd6 a5 38. Nc6 Re8 39. a3 a4 40. Na7 Rb8 41. R6d5
Re5 42. Rxe5 Bxe5 43. Nc6 Re8 44. Rd5 Bf6 45. Rxb5 Nd7 46. Rb7 Ke6 47. Nd4+
Bxd4 48. Bxd4 Rb8 49. Ra7 1-0

[Event "Campeonato de España sub-14 2011"]
[Site "Padron ESP"]
[Date "2011.07.16"]
[Round "7.8"]
[White "Martin Prior, Francisco Jose"]
[Black "Garriga Cazorla, Pere"]
[Result "1-0"]
[WhiteElo "1776"]
[BlackElo "1931"]
[PlyCount "103"]
[EventDate "2011.07.12"]
[EventType "swiss"]
[EventRounds "9"]
[EventCountry "ESP"]
[Source "lmi"]
[SourceDate "2011.07.12"]

1. d4 Nf6 2. c4 e6 3. Nf3 c5 4. d5 b5 5. dxe6 fxe6 6. cxb5 d5 7. Bg5 Nbd7 8. e3
Bd6 9. Be2 Qc7 10. Nc3 O-O 11. h3 Bb7 12. O-O e5 13. Bxf6 Nxf6 14. Ng5 Qe7 15.
Bg4 Nxg4 16. Qxg4 Rae8 17. Rad1 h6 18. Nf3 d4 19. Ne4 Bb8 20. Rc1 h5 21. Qg6
Bxe4 22. Qxe4 Bd6 23. Rfe1 Qe6 24. exd4 Rf4 25. Qb7 cxd4 26. Ng5 Qg6 27. Ne4
Bf8 28. Qd5+ Kh8 29. Rc6 Qf5 30. Ng3 Qg5 31. Re6 Rd8 32. Qxe5 Qxe5 33. R6xe5 h4
34. Ne4 Bb4 35. Rd1 Ba5 36. Ng5 Rf6 37. a3 Kg8 38. Re4 d3 39. Nf3 Bb6 40. b4
Rf5 41. a4 g5 42. a5 Bc7 43. Rd4 Rxd4 44. Nxd4 Rd5 45. Nc6 Rxb5 46. Rxd3 a6 47.
g4 Kf8 48. Rd7 Bf4 49. Ra7 Bd2 50. Rxa6 Bxb4 51. Rb6 Rxa5 52. Nxb4 1-0

[Event "Campeonato de España sub-14 2011"]
[Site "Padron ESP"]
[Date "2011.07.16"]
[Round "7.9"]
[White "Suarez Gomez, Julio"]
[Black "Forsberg Conde, Martin"]
[Result "1-0"]
[WhiteElo "1819"]
[BlackElo "2076"]
[PlyCount "53"]
[EventDate "2011.07.12"]
[EventType "swiss"]
[EventRounds "9"]
[EventCountry "ESP"]
[Source "lmi"]
[SourceDate "2011.07.12"]

1. e4 e5 2. Nf3 Nc6 3. d4 exd4 4. Bc4 Bc5 5. c3 Nf6 6. cxd4 Bb4+ 7. Bd2 Nxe4 8.
Bxb4 Nxb4 9. Bxf7+ Kxf7 10. Qb3+ d5 11. Qxb4 Re8 12. O-O Kg8 13. Nc3 b6 14. Qb3
Bb7 15. Rfe1 Kh8 16. Ne5 Rf8 17. Nxe4 dxe4 18. Nf7+ Rxf7 19. Qxf7 Qxd4 20. Qxc7
Ba6 21. Rad1 Bd3 22. Qc3 Qf6 23. f3 Qf5 24. fxe4 Bxe4 25. Qd4 Re8 26. Rxe4 Rf8
27. Rf4 1-0

[Event "Campeonato de España sub-14 2011"]
[Site "Padron ESP"]
[Date "2011.07.16"]
[Round "7.10"]
[White "Bru Rullo, Llatzer"]
[Black "Fernandez, Gil Ruben C"]
[Result "1/2-1/2"]
[WhiteElo "1971"]
[BlackElo "1847"]
[PlyCount "45"]
[EventDate "2011.07.12"]
[EventType "swiss"]
[EventRounds "9"]
[EventCountry "ESP"]
[Source "lmi"]
[SourceDate "2011.07.12"]

1. e4 e6 2. d4 d5 3. Nd2 Nf6 4. e5 Nfd7 5. Bd3 c5 6. c3 Nc6 7. Ne2 cxd4 8. cxd4
f6 9. exf6 Nxf6 10. Nf3 Bd6 11. O-O O-O 12. Bf4 Nh5 13. Bg3 Nxg3 14. hxg3 e5
15. dxe5 Nxe5 16. Nxe5 Bxe5 17. Nc3 Qd6 18. Qc2 Kh8 19. Rad1 Bg4 20. Be2 Bxg3
21. fxg3 Qb6+ 22. Kh1 Qh6+ 23. Kg1 1/2-1/2

[Event "Campeonato de España sub-14 2011"]
[Site "Padron ESP"]
[Date "2011.07.16"]
[Round "7.11"]
[White "Jane Besora, Jordi"]
[Black "Marchena Hurtado, Javier"]
[Result "1/2-1/2"]
[WhiteElo "1801"]
[BlackElo "1961"]
[PlyCount "65"]
[EventDate "2011.07.12"]
[EventType "swiss"]
[EventRounds "9"]
[EventCountry "ESP"]
[Source "lmi"]
[SourceDate "2011.07.12"]

1. d4 d5 2. Nf3 Nf6 3. Bf4 c5 4. e3 Nc6 5. c3 e6 6. Nbd2 Bd6 7. Bg3 O-O 8. Bd3
Qe7 9. Ne5 Nd7 10. Nxd7 Bxd7 11. Qh5 f5 12. f4 Be8 13. Qe2 c4 14. Bc2 b5 15. a3
a5 16. O-O g5 17. Nf3 Bh5 18. Qf2 g4 19. Ne5 Nxe5 20. fxe5 Bc7 21. Bh4 Qf7 22.
Bf6 Bd8 23. Bxd8 Rfxd8 24. Qg3 Qg7 25. Rab1 Be8 26. Rbe1 Bd7 27. h3 gxh3 28.
Qxh3 Kh8 29. Rf4 Rg8 30. Ref1 Qg3 31. Qxg3 Rxg3 32. R1f3 Rag8 33. Rxg3 1/2-1/2

[Event "Campeonato de España sub-14 2011"]
[Site "Padron ESP"]
[Date "2011.07.16"]
[Round "7.12"]
[White "Martin Garcia, Guillermo"]
[Black "Abal Cores, Lucas"]
[Result "1-0"]
[WhiteElo "1955"]
[BlackElo "1815"]
[PlyCount "73"]
[EventDate "2011.07.12"]
[EventType "swiss"]
[EventRounds "9"]
[EventCountry "ESP"]
[Source "lmi"]
[SourceDate "2011.07.12"]

1. e4 e5 2. Nf3 Nf6 3. Nxe5 d6 4. Nf3 Nxe4 5. Nc3 Nxc3 6. dxc3 d5 7. Bf4 c6 8.
Qd2 Be7 9. O-O-O Nd7 10. Kb1 O-O 11. Bd3 Nc5 12. h4 Bf6 13. Bg5 Ne6 14. Bxf6
Qxf6 15. Ng5 g6 16. Nxe6 Bxe6 17. f4 Bf5 18. h5 Rae8 19. hxg6 fxg6 20. Bxf5
Qxf5 21. g3 Re4 22. Rh6 Rfe8 23. Rdh1 Re2 24. Qd1 R8e7 25. Rxh7 Rxh7 26. Rxh7
Qe4 27. Rh1 Qe3 28. a3 Rg2 29. Qg4 Qe8 30. Qh3 Qe4 31. Qh8+ Kf7 32. Rh7+ Ke6
33. Qg8+ Kf5 34. Qc8+ Kf6 35. Qf8+ Ke6 36. Re7+ Kd6 37. Rxe4+ 1-0

[Event "Campeonato de España sub-14 2011"]
[Site "Padron ESP"]
[Date "2011.07.16"]
[Round "7.13"]
[White "Garcia Gracia, Victor Hugo"]
[Black "Montoya Pecurul, Marc"]
[Result "0-1"]
[WhiteElo "1919"]
[BlackElo "1796"]
[PlyCount "102"]
[EventDate "2011.07.12"]
[EventType "swiss"]
[EventRounds "9"]
[EventCountry "ESP"]
[Source "lmi"]
[SourceDate "2011.07.12"]

1. e4 e5 2. Nf3 Nc6 3. Bb5 Bc5 4. d3 Nge7 5. c3 O-O 6. O-O Bb6 7. Nbd2 f6 8.
Re1 Kh8 9. Nf1 d5 10. Ne3 dxe4 11. dxe4 Qxd1 12. Rxd1 Be6 13. Bxc6 Nxc6 14. Nd5
Rfd8 15. Be3 Rd7 16. Bxb6 axb6 17. b3 Rad8 18. Ne3 b5 19. Rxd7 Rxd7 20. b4 Rd3
21. Nd1 h6 22. Kf1 f5 23. exf5 Bxf5 24. Ke2 e4 25. Ne1 Rd8 26. Ne3 Be6 27. a3
Ne5 28. Rd1 Ra8 29. N1c2 Nc4 30. Nxc4 Bxc4+ 31. Ke3 c6 32. Ra1 Kg8 33. g3 Bd5
34. Nd4 Kf7 35. Nf5 Rd8 36. Nd4 Ra8 37. Ne2 g5 38. Kd4 b6 39. Ke3 c5 40. h4 Bc6
41. hxg5 hxg5 42. Ra2 Ke6 43. Ra1 Rd8 44. f4 exf3 45. Ng1 g4 46. Rf1 Ke5 47.
bxc5 bxc5 48. Rc1 c4 49. Rc2 Rd3+ 50. Kf2 Ke4 51. Rc1 Rd2+ 0-1

[Event "Campeonato de España sub-14 2011"]
[Site "Padron ESP"]
[Date "2011.07.16"]
[Round "7.14"]
[White "Alvarez Nistal, David"]
[Black "Pozanco Romasanta, Marc"]
[Result "0-1"]
[WhiteElo "1796"]
[BlackElo "1916"]
[PlyCount "110"]
[EventDate "2011.07.12"]
[EventType "swiss"]
[EventRounds "9"]
[EventCountry "ESP"]
[Source "lmi"]
[SourceDate "2011.07.12"]

1. d4 c5 2. d5 e5 3. e4 d6 4. Nc3 Be7 5. Nf3 Bg4 6. h3 Bxf3 7. Qxf3 a6 8. a4
Bg5 9. Bxg5 Qxg5 10. h4 Qf6 11. Qxf6 Nxf6 12. a5 Nbd7 13. g3 Rc8 14. f3 Nh5 15.
Kf2 Rc7 16. Nd1 Rf8 17. Ne3 g6 18. Bh3 Ng7 19. Nc4 Ke7 20. f4 exf4 21. gxf4 f6
22. Rhe1 Nh5 23. Nb6 Nb8 24. Na8 Rd7 25. Bxd7 Nxd7 26. Nb6 Nxf4 27. Nxd7 Kxd7
28. Kf3 Nh5 29. Rab1 f5 30. e5 dxe5 31. Rxe5 Nf6 32. Rd1 Ne4 33. d6 Rf7 34. Rd3
Rg7 35. Kg2 Rf7 36. Red5 Rf6 37. Rb3 Nxd6 38. Rxc5 Rf7 39. Rd5 Kc6 40. Rdd3 Ne4
41. Rb6+ Kc7 42. b4 Re7 43. c4 Re5 44. Rd1 Nc3 45. Rc1 Ne2 46. Rc2 Nd4 47. Rd2
Nc6 48. Rb2 Re4 49. Rc2 Rxh4 50. b5 Nxa5 51. Rf6 Nxc4 52. b6+ Kd7 53. Kf3 Ke7
54. Rc6 bxc6 55. b7 Ne5+ 0-1

[Event "Campeonato de España sub-14 2011"]
[Site "Padron ESP"]
[Date "2011.07.16"]
[Round "7.15"]
[White "Bernal Gomez, Alejandro"]
[Black "Garcia Acosta, Roger"]
[Result "0-1"]
[WhiteElo "1692"]
[BlackElo "1879"]
[PlyCount "100"]
[EventDate "2011.07.12"]
[EventType "swiss"]
[EventRounds "9"]
[EventCountry "ESP"]
[Source "lmi"]
[SourceDate "2011.07.12"]

1. e4 e5 2. Nf3 Nc6 3. d4 exd4 4. Bc4 Bc5 5. c3 Nf6 6. e5 d5 7. Bb5 Ne4 8. Nxd4
O-O 9. Bxc6 bxc6 10. O-O f6 11. exf6 Qxf6 12. f3 Nd6 13. Na3 Ba6 14. Re1 Rae8
15. Nac2 Nf5 16. Rxe8 Rxe8 17. Kh1 Bxd4 18. Nxd4 Qh4 19. Bd2 Nxd4 20. cxd4 Qxd4
21. Bc3 Qxd1+ 22. Rxd1 Kf7 23. a4 Bc4 24. Re1 Rxe1+ 25. Bxe1 Ke6 26. Bc3 g6 27.
Bd4 a6 28. a5 Bb3 29. Kg1 Kd6 30. Kf2 c5 31. Bc3 d4 32. Bd2 Kd5 33. Bf4 c6 34.
Ke2 Bc4+ 35. Kd2 Bf1 36. g3 Bg2 37. Ke2 Kc4 38. Bd6 Kb5 39. b3 Bh3 40. g4 Kb4
41. Be7 h5 42. gxh5 gxh5 43. f4 Be6 44. Kd2 Bxb3 45. f5 Bf7 46. Kd3 Kb5 47. Bd8
Bg8 48. Ke4 Kc4 49. f6 Kc3 50. Bb6 d3 0-1

[Event "Campeonato de España sub-14 2011"]
[Site "Padron ESP"]
[Date "2011.07.16"]
[Round "7.16"]
[White "Nuñez, Miranda Adrian"]
[Black "Gonzalez Fernandez, Pedro"]
[Result "1-0"]
[WhiteElo "1862"]
[BlackElo "1783"]
[PlyCount "91"]
[EventDate "2011.07.12"]
[EventType "swiss"]
[EventRounds "9"]
[EventCountry "ESP"]
[Source "lmi"]
[SourceDate "2011.07.12"]

1. f3 e5 2. Kf2 d5 3. e3 Nf6 4. d4 e4 5. c4 c6 6. Nc3 Be7 7. cxd5 cxd5 8. Bb5+
Bd7 9. Qb3 Bxb5 10. Qxb5+ Qd7 11. Qxd7+ Nbxd7 12. Nge2 O-O 13. fxe4 dxe4 14.
Ng3 Ng4+ 15. Ke2 f5 16. Rf1 g6 17. h3 Ngf6 18. Kd2 Nb6 19. Nge2 Nfd5 20. Nf4
Nxf4 21. Rxf4 Bg5 22. Rf1 Rad8 23. Ke2 Nd5 24. Nxd5 Rxd5 25. Bd2 Rc8 26. Rac1
Rdd8 27. g3 Bh6 28. g4 fxg4 29. hxg4 Rf8 30. Rxf8+ Rxf8 31. Rc7 Rf7 32. Rc8+
Bf8 33. Re8 Re7 34. Ra8 a6 35. Bb4 Rf7 36. Re8 Kg7 37. Bxf8+ Rxf8 38. Rxe4 Rf7
39. Re5 Rc7 40. Kd3 Rf7 41. d5 Rd7 42. Kd4 Kf6 43. g5+ Kf7 44. Re6 Rc7 45. Ke5
Rd7 46. d6 1-0

[Event "Campeonato de España sub-14 2011"]
[Site "Padron ESP"]
[Date "2011.07.16"]
[Round "8.1"]
[White "Navarrete Espi, Samuel"]
[Black "Garrido Piriz, Pablo"]
[Result "1/2-1/2"]
[WhiteElo "2169"]
[BlackElo "1795"]
[PlyCount "113"]
[EventDate "2011.07.12"]
[EventType "swiss"]
[EventRounds "9"]
[EventCountry "ESP"]
[Source "lmi"]
[SourceDate "2011.07.12"]

1. e4 c5 2. Nf3 d6 3. d4 cxd4 4. Nxd4 Nf6 5. Nc3 g6 6. Bg5 Bg7 7. Bb5+ Bd7 8.
Qe2 O-O 9. O-O-O a6 10. Bxd7 Nbxd7 11. f4 Qc7 12. Nf3 e5 13. f5 b5 14. Qd3 b4
15. Nd5 Nxd5 16. Qxd5 Rfc8 17. Rd2 Nc5 18. Nh4 Qc6 19. fxg6 Qxd5 20. gxh7+ Kxh7
21. Rxd5 Nxe4 22. Bd2 Nxd2 23. Kxd2 Rc6 24. Nf5 Bf8 25. Rd3 Rac8 26. c3 bxc3+
27. Rxc3 Kg6 28. g4 d5 29. Rxc6+ Rxc6 30. Rc1 Rxc1 31. Kxc1 Kg5 32. h3 Kf4 33.
Kd2 Kf3 34. g5 Kf4 35. Nh6 f6 36. h4 fxg5 37. hxg5 Kxg5 38. Nf7+ Kf4 39. Nd8
Kf3 40. Nc6 e4 41. Ne5+ Kg2 42. Ke2 Bg7 43. Ng6 Bh6 44. Nh4+ Kh3 45. Nf5 Bg5
46. b4 Kg4 47. Nd4 Be7 48. Nc6 Bd6 49. a4 Kf5 50. a5 Ke6 51. b5 Kd7 52. Nd4 Bb4
53. bxa6 Kc8 54. Nb3 Kb8 55. Ke3 Bc3 56. Nc5 Bxa5 57. Nxe4 1/2-1/2

[Event "Campeonato de España sub-14 2011"]
[Site "Padron ESP"]
[Date "2011.07.16"]
[Round "8.2"]
[White "Garcia-Castany, Musellas Gal.La"]
[Black "Nicolas Zapata, Irene"]
[Result "0-1"]
[WhiteElo "1980"]
[BlackElo "2117"]
[PlyCount "100"]
[EventDate "2011.07.12"]
[EventType "swiss"]
[EventRounds "9"]
[EventCountry "ESP"]
[Source "lmi"]
[SourceDate "2011.07.12"]

1. e4 e6 2. d4 d5 3. Nd2 Be7 4. Bd3 c5 5. dxc5 Nf6 6. Qe2 O-O 7. Ngf3 a5 8. a4
Na6 9. Bxa6 Rxa6 10. O-O Bxc5 11. e5 Nd7 12. Nb3 Be7 13. Nfd4 Nb6 14. Qg4 f5
15. Qg3 Bd7 16. Bd2 Nxa4 17. Nxa5 Qb6 18. Nab3 Nxb2 19. Rxa6 bxa6 20. Be3 Qb4
21. Ra1 Qc3 22. Bf4 Qxg3 23. hxg3 Ra8 24. Na5 Bb4 25. Nac6 Bxc6 26. Nxc6 Bc5
27. Na5 Bb6 28. Rb1 Bxa5 29. Rxb2 Bc3 30. Ra2 a5 31. Kf1 a4 32. Ke2 a3 33. Bc1
Bb4 34. Kd3 Rc8 35. Bd2 Bf8 36. Bc1 Kf7 37. Bd2 Ke8 38. Ra1 Kd7 39. Bc1 Bb4 40.
Bd2 Bxd2 41. Kxd2 Ra8 42. Kd3 Kc6 43. Ra2 Kc5 44. Kc3 Ra7 45. f4 Ra6 46. Ra1
Ra8 47. Ra2 h6 48. Ra1 Ra7 49. Ra2 g5 50. Ra1 a2 0-1